| 000 | 00517nam a22001937a 4500 | ||
|---|---|---|---|
| 999 |
_c1249 _d1249 |
||
| 003 | OSt | ||
| 005 | 20210427091921.0 | ||
| 008 | 150325b xxu||||| |||| 00| 0 eng d | ||
| 020 | _a9780702026799 | ||
| 040 | _cDNLM | ||
| 082 |
_aW100 M468n 2009 _bM |
||
| 245 | _aMedical Sciences | ||
| 260 |
_aEdinburgh; _bSaunders, _c2009 |
||
| 300 |
_avi,895p; _bcol.ill _c28cm |
||
| 504 | _aIndex included | ||
| 650 |
_aMedical professional _93347 |
||
| 700 |
_aEditor Naish Jeannette, Revest Patricia _93348 |
||
| 942 |
_2z _cO_SHELF |
||